00298pam a2200121a 44500008004100000041000800041100002300049245005500072250000600127260001900133300001600152440000800168230405s1992 xxu||||| |||| 00| 0 eng d aENG aHenry C. Lucas Jr. aThe Analysis, Design and Implementation of Informa a4 abM.G.H.c1992 a550P, 24cms a411